Tala : poemas /

Guardado en:
Autor Principal: Mistral, Gabriela
Formato: Libro
Publicado: Buenos Aires : Sur, 1938
Materias:
Etiquetas: Agregar Etiqueta
Sin Etiquetas, Sea el primero en etiquetar este registro!
LEADER 00595nam a22002055a 4500
001 EHU.bham024913
003 AR-BHAM
005 20130508103509.0
008 130507s1938##################000#0#####d
082 C H |a 861.4 
100 1 |a Mistral, Gabriela 
245 1 0 |a Tala :  |b poemas /  |c Gabriela Mistral 
260 |a Buenos Aires :  |b Sur,  |c 1938 
300 |a 286 p. 
653 |a Donacion lejarraga 
653 |a Poesia 
653 |a Poesia chilena-1911- 
653 |a Poesia latinoamericana 
653 |a Poesia hispanoamericana-1911- 
859 |a AR-BHAM  |b BIB. HUMANIDADES - General  |h CH861.4  |i M691-4  |k CH  |p 655.02  |t Ej.1